000 00783nam a22002537a 4500
001 BR7502544
003 BR-BrBNA
005 20230928084741.0
007 ta
008 230509b bl.||||| |||| 00| 0 por d
040 _aBR-BrBNA
_bpor
_cBiblioteca Nacional de Agricultura
041 _a(Por)
072 _aD10
_b/G514
090 _ D10 BR7502544
110 1 _aBanco Nacional de Credito Cooperativo S.A., Brasilia, DF (Brasil)
_91201
245 1 _aPlano de reestruturacao [Administracao agricola; Banco Nacional de Credito Cooperativo; Brasil]
260 3 _aBrasilia, DF (Brasil):
_c1975.
300 _a25 p.
650 _aAdministracao
650 _aReforma administrativa
650 _aModernizacao administrativa
909 _a202309
_bLucia
_c55
_dLucia Elande
942 _cBK
999 _c20882
_d20882